00246nam a2200109Ia 4500100001500000654001600015245003400031260003800065082001300103300000800116546001200124 aRao/P.V.S  aProgramming aComputer Programming Fortran bTata McGraw HillaNEW DELHIc1984 a1.6bRao a304 aENGLISH